000
00249nam a2200097Ia 4500
001
715193
005
20250826162920.0
008
250824s9999 xx 000 0 und d
245
0
_a
UZUN BEYAZ BULUT GELİBOLU
_c
BUKET UZUNER
260
_b
EVEREST YAYINLARI
999
_c
715193
_d
715193